Placez les États des États-Unis sur une Carte sans Frontières - Statistiques

Statistiques générales
  • Ce quiz a été pris 666 fois
  • Le résultat moyen est 35 sur 50
Réponses sur la Carte
Les réponses sont colorées sur une échelle allant du rouge au vert en fonction du pourcentage des utilisateurs qui les ont devinées à leur premier essai. Vous pouvez retrouver ces pourcentages ci-dessous.
 
Statistiques - réponses
Réponse % Correct
Hawaï
88%
Californie
86%
Alaska
85%
Floride
85%
Texas
82%
Washington
81%
Maine
78%
Nouveau-Mexique
78%
Dakota du Sud
76%
Caroline du Sud
75%
Montana
75%
Arizona
74%
Nevada
74%
Oregon
74%
Dakota du Nord
73%
Minnesota
73%
Louisiane
72%
Michigan
72%
Caroline du Nord
71%
Géorgie
70%
Virginie
70%
Idaho
69%
New York
69%
Oklahoma
69%
Pennsylvanie
69%
Vermont
69%
Mississippi
68%
New Hampshire
68%
Tennessee
68%
Connecticut
67%
Alabama
65%
Illinois
65%
Maryland
65%
Massachusetts
65%
Colorado
64%
Delaware
64%
Kansas
64%
Nebraska
64%
Wisconsin
64%
New Jersey
63%
Rhode Island
63%
Utah
63%
Missouri
62%
Virginie-Occidentale
62%
Indiana
61%
Kentucky
61%
Ohio
61%
Arkansas
60%
Wyoming
60%
Iowa
57%
Aucun quiz correspondant
Distribution des résultats
% des personnes avec chaque résultat
Percentile par nombre de réponses
Votre historique - résultats
Vous n’avez pas pris ce quiz